Sports Quiz

Random Sports or WWE Quiz

Impact World Heavyweight Champions Quiz Stats

 Plays Quiz Updated Aug 26, 2019

Score 0/65 Timer 05:00
4 Plays Today
Year Champion % Correct
2007Kurt Angle
92.2%
2007Kurt Angle
92.2%
2007Kurt Angle
92.2%
2009Kurt Angle
92.2%
2003AJ Styles
92.1%
2004AJ Styles
92.1%
2005AJ Styles
92.1%
2009AJ Styles
92.1%
2011Kurt Angle
91.5%
2015Kurt Angle
91.5%
2013AJ Styles
91.5%
2015Matt Hardy
89.5%
2016Matt Hardy
89.5%
2010Jeff Hardy
89.4%
2011Jeff Hardy
89.4%
2012Jeff Hardy
89.4%
2006Sting
89.2%
2007Sting
89.2%
2008Sting
89.2%
2011Sting
88.8%
2011Sting
88.8%
2002Jeff Jarrett
85.4%
2003Jeff Jarrett
85.4%
2004Jeff Jarrett
85.4%
2005Jeff Jarrett
85.4%
2005Jeff Jarrett
85.4%
2006Jeff Jarrett
85.4%
2008Samoa Joe
83.1%
2016Lashley
81.1%
2011Bobby Roode
79.1%
2014Bobby Roode
79.1%
2017Lashley
77.1%
2017Lashley
77.1%
Year Champion % Correct
2014Lashley
76.7%
2015Lashley
76.7%
2015Ethan Carter III
74.5%
2016Ethan Carter III
74.5%
2018Austin Aries
73.7%
2018Austin Aries
73.7%
2006Abyss
71.6%
2013Bully Ray
70.9%
2013Bully Ray
70.9%
2006Christian Cage
70.6%
2007Christian Cage
70.6%
2011James Storm
70.2%
2012Austin Aries
64.7%
2018Johnny Impact
62.8%
2014Eric Young
60.1%
2002Ron Killings
59.2%
2004Ron Killings
59.2%
2009Mick Foley
56.9%
2010Rob Van Dam
56.3%
2011Mr. Anderson
55.9%
2011Mr. Anderson
55.9%
2002Ken Shamrock
55.3%
2016Drew Galloway
54.9%
2013Magnus
54%
2014Magnus
54%
2005Raven
49.9%
2005Rhino
49.3%
2013Chris Sabin
49%
2016Eddie Edwards
48.7%
2017Eli Drake
44.7%
2017Alberto El Patron
40.6%
2018Pentagon Jr.
38.8%

You're not logged in!

Compare scores with friends on all Sporcle quizzes.
OR
Log In

Sporcle TV

Today on Sporcle TV


Watch our educational content, quiz creation guides, and fun videos on Sporcle TV.

Show Comments

Extras

Top Quizzes Today


Score Distribution

Your Account Isn't Verified!

In order to create a playlist on Sporcle, you need to verify the email address you used during registration. Go to your Sporcle Settings to finish the process.

Report this User

Report this user for behavior that violates our Community Guidelines.

Details: